[Event "1. OEsterreichische Internet Schach Meisterschaft - Vorrunde 2"]
[Site "Online - Playchess.com"]
[Date ""]
[Round "7"]
[Board "16"]
[White "Freitag, Manfred"]
[Black "Nolz, Tom"]
[Result "1-0"]
[WhiteElo "2356"]
[BlackElo "2157"]
[PlyCount "123"]
[EventDate "2020.04.13"]
[EventRounds "9"]
[EventCountry "AUT"]

1. e4 e5 2. Nf3 d5 3. exd5 e4 4. Ne5 Qxd5 5. Nc4 Nf6 6. Nc3 Qd8 7. d4 Nc6 8. d5 Nb4
9. Ne3 Bc5 10. Bc4 O-O 11. a3 Na6 12. b4 Bd6 13. Bb2 Re8 14. Qe2 Nb8 15. g4 c6 16.
dxc6 Nxc6 17. O-O-O Qe7 18. Rhg1 Be6 19. Nf5 Bxf5 20. gxf5 Be5 21. Kb1 Nxb4 22. Bb3
Nc6 23. Nd5 Nxd5 24. Rxd5 Bxb2 25. Kxb2 Rad8 26. Rgd1 Rxd5 27. Rxd5 Qf6+ 28. Kb1
Nd4 29. Qc4 Nxb3 30. Qxb3 h5 31. Qb5 Rd8 32. Rxd8+ Qxd8 33. Qxb7 Qd1+ 34. Kb2 Qd4+
35. Kb3 Qxf2 36. Qxe4 Qxh2 37. Qe8+ Kh7 38. Qxf7 Qb8+ 39. Ka2 Qh2 40. Qg6+ Kg8 41.
f6 Qc7 42. Qe8+ Kh7 43. Qxh5+ Kg8 44. Qe8+ Kh7 45. Qe4+ Kg8 46. fxg7 Kxg7 47. Kb3
Qb6+ 48. Qb4 Qe6+ 49. Qc4 Qb6+ 50. Qb4 Qe6+ 51. c4 a6 52. Qb7+ Kh6 53. Qd5 Qe3+ 54.
Ka4 Qe8+ 55. Ka5 Qe7 56. c5 Qe3 57. Qd6+ Kg5 58. c6 Qe2 59. Qc5+ Kf6 60. c7 Qe1+
61. Kb6 Qb1+ 62. Ka7  1-0

[Event "1. OEsterreichische Internet Schach Meisterschaft - Vorrunde 2"]
[Site "Online - Playchess.com"]
[Date ""]
[Round "7"]
[Board "17"]
[White "Teuschler, Hugo"]
[Black "Belke, Frank"]
[Result "1-0"]
[WhiteElo "2055"]
[BlackElo "2273"]
[PlyCount "39"]
[EventDate "2020.04.13"]
[EventRounds "9"]
[EventCountry "AUT"]

1. e4 e6 2. d4 d5 3. Nd2 Nf6 4. e5 Nfd7 5. Bd3 c5 6. c3 Nc6 7. Ngf3 f6 8. exf6 Nxf6
9. O-O Bd6 10. dxc5 Bxc5 11. Nb3 Bd6 12. Bg5 O-O 13. Bh4 e5 14. Bb5 Be6 15. Ng5 Bg4
16. Be2 Bxe2 17. Qxe2 Qd7 18. Rad1 Rae8 19. c4 d4 20. Bg3  1-0

[Event "1. OEsterreichische Internet Schach Meisterschaft - Vorrunde 2"]
[Site "Online - Playchess.com"]
[Date ""]
[Round "7"]
[Board "18"]
[White "Neuschmied, Siegfried"]
[Black "Kozissnik, Christian"]
[Result "0-1"]
[WhiteElo "2268"]
[BlackElo "2023"]
[PlyCount "84"]
[EventDate "2020.04.13"]
[EventRounds "9"]
[EventCountry "AUT"]

1. e4 e6 2. d4 d5 3. Bd3 Nf6 4. e5 Nfd7 5. f4 c5 6. c3 Nc6 7. Nf3 Be7 8. O-O O-O
9. Be3 f6 10. Nbd2 b6 11. Qe2 a6 12. Kh1 Bb7 13. Bf2 Qe8 14. Rae1 f5 15. Rg1 c4 16.
Bc2 b5 17. g4 b4 18. gxf5 exf5 19. Rg2 Nd8 20. Reg1 Ne6 21. Be3 a5 22. Rg3 Rf7 23.
Qg2 Qf8 24. Qh3 a4 25. Nh4 b3 26. axb3 axb3 27. Bb1 Bxh4 28. Qxh4 Nxe5 29. dxe5 d4+
30. Nf3 dxe3 31. Re1 Ra1 32. Kg1 Qc5 33. Kf1 Bxf3 34. Rxf3 Rxb1 35. Rxb1 Qd5 36.
Qh3 Qd3+ 37. Kg2 Qxb1 38. Rxe3 Qxb2+ 39. Kg3 Qd2 40. Kh4 Nxf4 41. Qf3 Ng2+ 42. Kg3
Qxe3  0-1

[Event "1. OEsterreichische Internet Schach Meisterschaft - Vorrunde 2"]
[Site "Online - Playchess.com"]
[Date ""]
[Round "7"]
[Board "19"]
[White "Meglitsch, Konstantin"]
[Black "Hiermann, Dietmar"]
[Result "0-1"]
[WhiteElo "2041"]
[BlackElo "2250"]
[PlyCount "148"]
[EventDate "2020.04.13"]
[EventRounds "9"]
[EventCountry "AUT"]

1. e4 e5 2. Nf3 Nc6 3. Bb5 a6 4. Ba4 Nf6 5. O-O b5 6. Bb3 Be7 7. Re1 O-O 8. h3 d6
9. c3 Na5 10. Bc2 c5 11. d4 Nc6 12. d5 Nb8 13. a4 Bb7 14. Nbd2 Nbd7 15. Nf1 Re8 16.
Ng3 g6 17. Bh6 Bf8 18. Bxf8 Nxf8 19. Qd2 Kg7 20. Nh4 Ng8 21. Nf3 h6 22. Nh2 Nh7 23.
Rf1 Qg5 24. Qe2 c4 25. Nf3 Qe7 26. Nh2 Rf8 27. f4 exf4 28. Rxf4 Rae8 29. Re1 Qg5
30. Rg4 Qd8 31. Qd2 Nhf6 32. Rh4 Nd7 33. Rg4 Ne5 34. Rf4 Bc8 35. Ref1 Qg5 36. Nf3
Qxg3 37. Nxe5 Rxe5 38. Rg4 Bxg4 39. hxg4 Qxg4 40. Qf2 Qd7 41. a5 Qe7 42. Qf3 Qg5
43. Qf2 Nf6 44. Qf3 Nh5 45. g4 Nf6 46. Bd1 Nxe4 47. Kg2 f6 48. Re1 Nd2 49. Qf2 Rxe1
50. Qxe1 Qf4 51. Qf2 Qxf2+ 52. Kxf2 Re8 53. Bc2 Re5 54. Bd1 Ne4+ 55. Kf3 Nc5 56.
Bc2 Rxd5 57. Ke3 Kf7 58. Kf3 Re5 59. Kf4 d5 60. Kf3 h5 61. gxh5 Rxh5 62. Kg4 Re5
63. Bd1 Re4+ 64. Kg3 f5 65. Bf3 g5 66. Bxe4 dxe4 67. b4 cxb3 68. Kg2 b2 69. Kf2 b1=Q
70. Kg2 Qc2+ 71. Kh1 Nd3 72. Kg1 Nf4 73. Kf1 e3 74. Kg1 Qg2#  0-1

[Event "1. OEsterreichische Internet Schach Meisterschaft - Vorrunde 2"]
[Site "Online - Playchess.com"]
[Date ""]
[Round "7"]
[Board "20"]
[White "Fuchs, Georg"]
[Black "Schumi, Manfred"]
[Result "1-0"]
[WhiteElo "2234"]
[BlackElo "2202"]
[PlyCount "63"]
[EventDate "2020.04.13"]
[EventRounds "9"]
[EventCountry "AUT"]

1. e4 c5 2. Nf3 d6 3. Nc3 Nf6 4. d4 cxd4 5. Nxd4 a6 6. Be2 e5 7. Nb3 Be7 8. O-O O-O
9. f4 b5 10. Be3 Bb7 11. Bf3 Nbd7 12. Qe1 Rc8 13. a3 Nb6 14. Rd1 Qc7 15. Qg3 Nc4
16. Bc1 Kh8 17. Kh1 Nxa3 18. fxe5 dxe5 19. bxa3 Qxc3 20. Bd2 Qc7 21. Ba5 Qxc2 22.
Qxe5 Rfe8 23. Nd4 Qc5 24. Qg3 Bxe4 25. Bxe4 Nxe4 26. Qf4 Bf6 27. Nf5 Qxa3 28. Bb4
Qxb4 29. Nd6 Qb3 30. Nxe4 Rc4 31. Rde1 h6 32. Qf5  1-0

[Event "1. OEsterreichische Internet Schach Meisterschaft - Vorrunde 2"]
[Site "Online - Playchess.com"]
[Date ""]
[Round "7"]
[Board "21"]
[White "Gschiel, Alexander"]
[Black "Kruckenhauser, Arthur"]
[Result "0-1"]
[WhiteElo "1908"]
[BlackElo "2233"]
[PlyCount "138"]
[EventDate "2020.04.13"]
[EventRounds "9"]
[EventCountry "AUT"]

1. d4 Nf6 2. c4 c5 3. d5 b5 4. cxb5 a6 5. bxa6 g6 6. e3 Bg7 7. Nc3 O-O 8. Nf3 d6
9. Be2 Bxa6 10. O-O Nbd7 11. a4 Ne8 12. Bd2 Nc7 13. Nb5 Nxd5 14. Qb3 Nc7 15. Ba5
Bxb5 16. axb5 Qb8 17. Ng5 Nb6 18. Bf3 d5 19. Bxb6 Qxb6 20. Rxa8 Rxa8 21. Bxd5 Nxd5
22. Qxd5 Rf8 23. Qb3 h6 24. Ne4 Rb8 25. Nc3 Bxc3 26. bxc3 Qxb5 27. Qc2 Qc4 28. h3
Rb3 29. Rc1 Kg7 30. Qd2 Ra3 31. Qb2 Ra2 32. Qb7 e6 33. Qf3 Qd3 34. e4 Qxf3 35. gxf3
g5 36. Kg2 Kf6 37. Kg3 Ke5 38. f4+ gxf4+ 39. Kf3 Rd2 40. Ra1 Rd3+ 41. Ke2 Rxc3 42.
f3 Rc2+ 43. Kd1 Rf2 44. Ra3 Kd4 45. Ke1 Rh2 46. Ra4+ c4 47. Kd1 Kd3 48. Ra3+ c3 49.
Ke1 Rh1+ 50. Kf2 Kd2 51. Ra8 c2 52. Rd8+ Kc3 53. Rc8+ Kb3 54. Rb8+ Ka4 55. Ra8+ Kb5
56. Rb8+ Ka6 57. Rc8 Kb7 58. Rxc2 Rh2+ 59. Ke1 Rxc2 60. h4 Rh2 61. h5 Kc6 62. Kd1
Kc5 63. e5 Kd4 64. Ke1 Ke3 65. Kd1 Rg2 66. Kc1 Kd3 67. Kb1 Kc3 68. Ka1 Kb3 69. Kb1
Rg1#  0-1

[Event "1. OEsterreichische Internet Schach Meisterschaft - Vorrunde 2"]
[Site "Online - Playchess.com"]
[Date ""]
[Round "7"]
[Board "22"]
[White "Meier, Alexander"]
[Black "Gartmayer, Stefan"]
[Result "0-1"]
[WhiteElo "2226"]
[BlackElo "1914"]
[PlyCount "112"]
[EventDate "2020.04.13"]
[EventRounds "9"]
[EventCountry "AUT"]

1. e4 c5 2. Nc3 e6 3. f4 d5 4. Nf3 d4 5. Nb1 Nc6 6. Bb5 Bd7 7. d3 Nf6 8. O-O Be7
9. a4 O-O 10. Nbd2 a6 11. Bxc6 Bxc6 12. Ne5 Be8 13. a5 Bd6 14. Ndc4 Bc7 15. b3 Bb5
16. Bd2 b6 17. axb6 Bxb6 18. Nxb6 Qxb6 19. Rf3 Nd7 20. Ng4 f5 21. Nf2 Bc6 22. Rg3
Nf6 23. e5 Nd5 24. Qh5 a5 25. Nh3 Be8 26. Qe2 a4 27. bxa4 Rxa4 28. Rc1 Ra2 29. Ng5
Qa6 30. Rf3 h6 31. Rg3 hxg5 32. fxg5 f4 33. Rg4 Bh5 34. g6 f3 35. gxf3 Bxg4 36. fxg4
Ra1 37. Qe1 Rxc1 38. Bxc1 Nf4 39. Qh4 Nxg6 40. Qg5 Nh8 41. Qh5 Qa1 42. Qg5 Nf7 43.
Qd2 Nxe5 44. Kg2 Rf2+ 45. Qxf2 Qxc1 46. Kg3 Qg5 47. h3 Ng6 48. Kg2 Nh4+ 49. Kg3 Ng6
50. Kg2 Nf4+ 51. Kg3 e5 52. Qf3 Ng6 53. Qa8+ Kh7 54. Qd5 Qe3+ 55. Kg2 Nf4+ 56. Kf1
Nxd5  0-1

[Event "1. OEsterreichische Internet Schach Meisterschaft - Vorrunde 2"]
[Site "Online - Playchess.com"]
[Date ""]
[Round "7"]
[Board "23"]
[White "Juenger, Heinz"]
[Black "Waldner, Alois"]
[Result "1-0"]
[WhiteElo "2165"]
[BlackElo "2018"]
[PlyCount "53"]
[EventDate "2020.04.13"]
[EventRounds "9"]
[EventCountry "AUT"]

1. e4 e5 2. Nf3 Nc6 3. Nc3 g6 4. d4 exd4 5. Nxd4 Bg7 6. Be3 Nge7 7. Qd2 O-O 8. O-O-O
d6 9. h4 h5 10. f3 Ne5 11. Bh6 a6 12. Bxg7 Kxg7 13. f4 Ng4 14. f5 Nc6 15. Nxc6 bxc6
16. Be2 Ne5 17. Rdf1 Rb8 18. g4 hxg4 19. f6+ Kh7 20. h5 Rh8 21. Qg5 Kg8 22. hxg6
Rh3 23. gxf7+ Kxf7 24. Qg7+ Ke6 25. Bxg4+ Nxg4 26. Qxg4+ Kf7 27. Qg7+  1-0

[Event "1. OEsterreichische Internet Schach Meisterschaft - Vorrunde 2"]
[Site "Online - Playchess.com"]
[Date ""]
[Round "7"]
[Board "24"]
[White "Trippold, Denise"]
[Black "Breneis, Gerhard"]
[Result "1-0"]
[WhiteElo "2150"]
[BlackElo "1990"]
[PlyCount "53"]
[EventDate "2020.04.13"]
[EventRounds "9"]
[EventCountry "AUT"]

1. d4 Nf6 2. c4 c5 3. d5 b5 4. cxb5 a6 5. bxa6 e6 6. Nc3 exd5 7. Nxd5 Be7 8. Bf4
Nxd5 9. Qxd5 Nc6 10. e4 O-O 11. Nf3 Nb4 12. Qxa8 Nc2+ 13. Kd1 Nxa1 14. Qb8 d5 15.
Qc7 dxe4+ 16. Qxd8 Rxd8+ 17. Nd2 Be6 18. b3 Ra8 19. Nxe4 c4 20. Be5 Rd8+ 21. Kc1
Ba3+ 22. Bb2 Bxb2+ 23. Kxb2 Rd1 24. Nc3 Re1 25. a7 Bd5 26. Nxd5 Re8 27. Nc7  1-0

[Event "1. OEsterreichische Internet Schach Meisterschaft - Vorrunde 2"]
[Site "Online - Playchess.com"]
[Date ""]
[Round "7"]
[Board "25"]
[White "Haas, Michael"]
[Black "Froewis, Annika"]
[Result "1-0"]
[WhiteElo "2141"]
[BlackElo "2136"]
[PlyCount "95"]
[EventDate "2020.04.13"]
[EventRounds "9"]
[EventCountry "AUT"]

1. d4 d5 2. Nf3 Nf6 3. e3 e6 4. Bd3 Be7 5. Nbd2 O-O 6. O-O c5 7. c3 Nc6 8. dxc5 Bxc5
9. b4 Bd6 10. Bb2 e5 11. e4 Bg4 12. a3 a6 13. h3 Bh5 14. exd5 Nxd5 15. Ne4 Bc7 16.
c4 Nf4 17. Be2 Qe7 18. Ng3 Nxe2+ 19. Qxe2 Bg6 20. Ne4 f5 21. Nc5 b6 22. Nb3 e4 23.
Nfd4 Qd6 24. g3 Ne5 25. Rad1 Nd3 26. Ba1 a5 27. Nb5 Qe7 28. Rxd3 f4 29. Rdd1 Qe6
30. Qg4 Qxc4 31. Nxc7 Qxc7 32. bxa5 bxa5 33. Rd7 Qc8 34. Rxg7+ Kh8 35. Rc7+ Kg8 36.
Rxc8 Raxc8 37. Qe6+ Bf7 38. Qg4+ Bg6 39. gxf4 Rc2 40. Nd4 Ra2 41. Ne6 Re8 42. f5
e3 43. fxg6 exf2+ 44. Kg2 Re7 45. gxh7+ Kxh7 46. Qh5+ Kg8 47. Qg6+ Rg7 48. Qxg7#
 1-0

[Event "1. OEsterreichische Internet Schach Meisterschaft - Vorrunde 2"]
[Site "Online - Playchess.com"]
[Date ""]
[Round "7"]
[Board "26"]
[White "Wischounig, Laurin"]
[Black "Tauber, Andreas"]
[Result "0-1"]
[WhiteElo "1878"]
[BlackElo "1972"]
[PlyCount "98"]
[EventDate "2020.04.13"]
[EventRounds "9"]
[EventCountry "AUT"]

1. d4 Nf6 2. c4 e6 3. Nf3 c5 4. d5 exd5 5. cxd5 b5 6. Bg5 d6 7. e3 a6 8. Nbd2 Be7
9. e4 Nxd5 10. Bxe7 Nxe7 11. Be2 O-O 12. O-O Bb7 13. Qc2 Nd7 14. a4 b4 15. Nc4 Nf6
16. Nxd6 Qxd6 17. e5 Qc6 18. exf6 Qxf6 19. Qxc5 Ng6 20. Qxb4 Rab8 21. Qc3 Nf4 22.
Rfe1 Qg6 23. Nh4 Qg5 24. Qg3 Qf6 25. Rab1 Rfc8 26. b4 Nxe2+ 27. Rxe2 Bd5 28. Nf3
Qc6 29. h3 Qc4 30. Ree1 Rxb4 31. Rxb4 Qxb4 32. Rd1 Be6 33. Ne5 Qxa4 34. Qf3 f6 35.
Nd3 Rd8 36. Nb2 Rxd1+ 37. Nxd1 Qd7 38. Ne3 Qc8 39. Qf4 Kf7 40. Qb4 Qc7 41. g3 Bd7
42. Kh2 a5 43. Qb3+ Be6 44. Qa4 Qb6 45. Nc2 Bb3 46. Qe4 Qxf2+ 47. Kh1 Qxc2 48. Qb7+
Kg6 49. Qf3 Qd1+  0-1

[Event "1. OEsterreichische Internet Schach Meisterschaft - Vorrunde 2"]
[Site "Online - Playchess.com"]
[Date ""]
[Round "7"]
[Board "27"]
[White "Werdecker, Roland"]
[Black "Dreher, David"]
[Result "0-1"]
[WhiteElo "1960"]
[BlackElo "1888"]
[PlyCount "80"]
[EventDate "2020.04.13"]
[EventRounds "9"]
[EventCountry "AUT"]

1. d4 f5 2. Nf3 Nf6 3. g3 e6 4. Bg2 d5 5. O-O Bd6 6. b3 Qe7 7. c4 c6 8. e3 O-O 9.
Qd3 Ne4 10. Nbd2 Bd7 11. Bb2 Be8 12. Ne5 Bh5 13. f3 Nxd2 14. Qxd2 Nd7 15. f4 Nf6
16. Qd3 Ne4 17. c5 Bxe5 18. fxe5 Rf7 19. a4 Raf8 20. b4 g5 21. b5 f4 22. Bxe4 dxe4
23. Qxe4 Bg6 24. Qg2 cxb5 25. exf4 gxf4 26. axb5 fxg3 27. hxg3 Bd3 28. Rxf7 Qxf7
29. Rxa7 Bxb5 30. Rxb7 Qe8 31. Qh3 Rf1+ 32. Qxf1 Bxf1 33. Kxf1 Qc6 34. Rb8+ Kf7 35.
Kf2 Qe4 36. Rb6 Qf5+ 37. Kg2 Qe4+ 38. Kh2 Qe2+ 39. Kh3 h5 40. Kh4 Qg4#  0-1

[Event "1. OEsterreichische Internet Schach Meisterschaft - Vorrunde 2"]
[Site "Online - Playchess.com"]
[Date ""]
[Round "7"]
[Board "28"]
[White "Steirer, Gerhard"]
[Black "Schnider, Gert"]
[Result "0-1"]
[WhiteElo "1854"]
[BlackElo "2423"]
[PlyCount "34"]
[EventDate "2020.04.13"]
[EventRounds "9"]
[EventCountry "AUT"]

1. e4 e5 2. Nc3 Nf6 3. f4 d5 4. fxe5 Nxe4 5. Nf3 Nc6 6. d4 Bg4 7. Be3 Bb4 8. Qd3
Bxf3 9. gxf3 Qh4+ 10. Ke2 Ng3+ 11. hxg3 Qxh1 12. Nxd5 O-O 13. a3 Ba5 14. Rd1 Rad8
15. Nf4 Nxe5 16. Qe4 Ng6 17. Bh3 Nxf4+  0-1

[Event "1. OEsterreichische Internet Schach Meisterschaft - Vorrunde 2"]
[Site "Online - Playchess.com"]
[Date ""]
[Round "7"]
[Board "29"]
[White "Katter, Marlene"]
[Black "Brod, Manfred"]
[Result "0-1"]
[WhiteElo "1609"]
[BlackElo "2211"]
[PlyCount "100"]
[EventDate "2020.04.13"]
[EventRounds "9"]
[EventCountry "AUT"]

1. d4 Nf6 2. Bf4 g6 3. e3 Bg7 4. Nf3 O-O 5. c4 d5 6. Nc3 c5 7. dxc5 Qa5 8. Be2 Ne4
9. O-O Nxc3 10. bxc3 dxc4 11. Bxc4 Qxc5 12. Bd3 Qxc3 13. Rc1 Qa5 14. Bc7 Qxa2 15.
Bc4 Qa3 16. Nd4 Bd7 17. Nc2 Qa4 18. Qe2 Bc6 19. Nd4 Bd7 20. Qd3 Qb4 21. Rfd1 e5 22.
Nf3 Bf5 23. e4 Bg4 24. h3 Bxf3 25. Qxf3 Nc6 26. Bd6 Qb6 27. Bxf8 Rxf8 28. Bd5 Nd4
29. Qe3 h6 30. Bc4 Kh7 31. Bd5 a6 32. Qd3 Qd8 33. Qc4 Qg5 34. Qf1 Nf3+ 35. Kh1 Nh4
36. g3 Nf3 37. Qg2 Nd4 38. Bxb7 a5 39. Rc4 Rb8 40. Bd5 Rb2 41. Rcc1 Qf6 42. Rf1 h5
43. Bc4 Bh6 44. Rcd1 Be3 45. Qg1 Nf3 46. Qg2 Nd4 47. Bd3 Bxf2 48. Rxf2 Rxf2 49. Qg1
Qf3+ 50. Qg2 Qxg2#  0-1

[Event "1. OEsterreichische Internet Schach Meisterschaft - Vorrunde 2"]
[Site "Online - Playchess.com"]
[Date ""]
[Round "7"]
[Board "30"]
[White "Novkovic, Julia"]
[Black "Mira, Helene"]
[Result "0-1"]
[WhiteElo "2170"]
[BlackElo "2082"]
[PlyCount "140"]
[EventDate "2020.04.13"]
[EventRounds "9"]
[EventCountry "AUT"]

1. e4 d6 2. Nc3 Nf6 3. d4 c6 4. h3 b5 5. Bd3 e5 6. Nf3 exd4 7. Nxd4 b4 8. Nce2 c5
9. Nf3 Bb7 10. Ng3 g6 11. O-O Nbd7 12. Re1 Ne5 13. Bb5+ Nfd7 14. Nxe5 dxe5 15. Bg5
Be7 16. Bh6 Qc7 17. Bg7 Rg8 18. Bxd7+ Qxd7 19. Qxd7+ Kxd7 20. Bxe5 Rad8 21. Rad1+
Kc8 22. Bf4 Bh4 23. Kh2 Rge8 24. Rxd8+ Rxd8 25. Re2 c4 26. Bd2 a5 27. a3 Be7 28.
axb4 axb4 29. b3 c3 30. Bf4 Bh4 31. Nf1 Re8 32. f3 Bf6 33. Ne3 Be5 34. Bxe5 Rxe5
35. Kg3 h5 36. Kf4 Ra5 37. e5 Kd7 38. Nc4 Ra6 39. Re1 Ke6 40. Rd1 Bd5 41. Ne3 Bb7
42. Rd4 Rb6 43. Nc4 Ra6 44. Nd6 Rb6 45. Nxb7 Rxb7 46. Rd6+ Ke7 47. Rc6 Kd7 48. Ra6
Ke7 49. Ke4 Rb5 50. f4 h4 51. f5 gxf5+ 52. Kxf5 Rd5 53. Ra7+ Ke8 54. Rb7 Rd2 55.
Rxb4 Rxc2 56. Rxh4 Rf2+ 57. Rf4 Rxf4+ 58. Kxf4 c2 59. g4 c1=Q+ 60. Kf5 Qc2+ 61. Kf4
Qxb3 62. h4 Qb4+ 63. Kf5 Ke7 64. h5 Qb1+ 65. Kf4 Qh7 66. Kg5 Ke6 67. Kh4 Kxe5 68.
g5 Kf5 69. h6 Qg6 70. Kh3 Qxg5  0-1

[Event "1. OEsterreichische Internet Schach Meisterschaft - Vorrunde 2"]
[Site "Online - Playchess.com"]
[Date ""]
[Round "7"]
[Board "31"]
[White "Wagner, Leopold Franziskus"]
[Black "Sulzbacher, Michael"]
[Result "0-1"]
[WhiteElo "2168"]
[BlackElo "2018"]
[PlyCount "52"]
[EventDate "2020.04.13"]
[EventRounds "9"]
[EventCountry "AUT"]

1. e4 g6 2. d4 Bg7 3. Nf3 d6 4. Bd3 Bg4 5. c3 Nc6 6. O-O e5 7. d5 Nce7 8. h3 Bd7
9. Nbd2 Nf6 10. Nh2 O-O 11. g3 Bxh3 12. Re1 Bd7 13. f4 exf4 14. gxf4 Nh5 15. Qf3
f5 16. e5 dxe5 17. fxe5 h6 18. e6 Be8 19. c4 Nc8 20. Kh1 Qh4 21. Ndf1 Qxe1 22. Rb1
Qh4 23. c5 Kh7 24. Be3 Ne7 25. d6 cxd6 26. cxd6 Bc6  0-1

[Event "1. OEsterreichische Internet Schach Meisterschaft - Vorrunde 2"]
[Site "Online - Playchess.com"]
[Date ""]
[Round "7"]
[Board "32"]
[White "Bachler, Reinhard"]
[Black "Birklbauer, Toni"]
[Result "1-0"]
[WhiteElo "2143"]
[BlackElo "2047"]
[PlyCount "77"]
[EventDate "2020.04.13"]
[EventRounds "9"]
[EventCountry "AUT"]

1. f4 g6 2. Nf3 Bg7 3. g3 c6 4. Bg2 d6 5. d3 Bg4 6. e4 Nd7 7. h3 Bxf3 8. Qxf3 e6
9. O-O Ne7 10. c3 O-O 11. Nd2 f5 12. Nc4 Nb6 13. Ne3 d5 14. e5 d4 15. Nc2 dxc3 16.
bxc3 Nbd5 17. c4 Nb4 18. Nxb4 Qb6+ 19. Be3 Qxb4 20. Rab1 Qa3 21. Rxb7 Rfd8 22. d4
Bf8 23. Qf2 Qa6 24. Rb4 Nc8 25. c5 Ne7 26. Rfb1 Nd5 27. Bf1 Qa3 28. R4b3 Qa4 29.
Bc1 Nc7 30. Rb4 Qa5 31. Bc4 Kh8 32. Qb2 Na6 33. Rb7 Qe1+ 34. Kg2 Qe4+ 35. Kh2 Rxd4
36. Bxa6 Bxc5 37. Qg2 Qxg2+ 38. Kxg2 Rd1 39. Kf3  1-0

[Event "1. OEsterreichische Internet Schach Meisterschaft - Vorrunde 2"]
[Site "Online - Playchess.com"]
[Date ""]
[Round "7"]
[Board "33"]
[White "Haas, Gerald"]
[Black "Hatzl, Johannes"]
[Result "0-1"]
[WhiteElo "1906"]
[BlackElo "2131"]
[PlyCount "158"]
[EventDate "2020.04.13"]
[EventRounds "9"]
[EventCountry "AUT"]

1. c4 e5 2. Nc3 d6 3. b3 g6 4. Bb2 Bg7 5. e3 f5 6. g3 Nf6 7. Bg2 c6 8. Nge2 O-O 9.
O-O Be6 10. d4 Bf7 11. Qd2 e4 12. Rad1 d5 13. cxd5 cxd5 14. Rc1 Nc6 15. Ba3 Re8 16.
Nb5 Bf8 17. Bxf8 Rxf8 18. f3 a6 19. Nbc3 Qd6 20. f4 Rfc8 21. Na4 Nd7 22. Nc5 Ra7
23. a3 Nf6 24. b4 b6 25. Nb3 Ng4 26. h3 Nf6 27. Rc3 Be8 28. Rfc1 Kg7 29. R1c2 Bd7
30. Qc1 Nh5 31. a4 Rca8 32. b5 axb5 33. axb5 Na5 34. Nxa5 Rxa5 35. Rc7 Ra1 36. R2c6
Rxc1+ 37. Nxc1 Qe7 38. Rxb6 Nxg3 39. Rbb7 Rd8 40. Nb3 Nh5 41. Nc5 Nf6 42. Bf1 Kh6
43. b6 Qd6 44. Nxd7 Nxd7 45. Bb5 Nf8 46. Rf7 g5 47. Rxf5 gxf4 48. exf4 Rc8 49. Be2
Qg6+ 50. Rg5 Qxg5+ 51. fxg5+ Kxg5 52. Rc7 Rb8 53. b7 Ne6 54. Rxh7 Nxd4 55. Ba6 Nf3+
56. Kf2 Ne5 57. Ke3 Nc6 58. Rc7 Nb4 59. Rc8 Nxa6 60. Rxb8 Nxb8 61. Kd4 Kf4 62. Kxd5
e3 63. Kd6 e2 64. Kc7 Na6+ 65. Kb6 e1=Q 66. Kxa6 Qa1+ 67. Kb6 Qb2+ 68. Kc7 Qc3+ 69.
Kd7 Qb4 70. Kc8 Qc5+ 71. Kd7 Qb6 72. Kc8 Qc6+ 73. Kb8 Ke5 74. Ka7 Qa4+ 75. Kb8 Kd6
76. h4 Qxh4 77. Ka8 Qa4+ 78. Kb8 Qa6 79. Kc8 Kc6  0-1

[Event "1. OEsterreichische Internet Schach Meisterschaft - Vorrunde 2"]
[Site "Online - Playchess.com"]
[Date ""]
[Round "7"]
[Board "34"]
[White "Ehs, Dominik"]
[Black "Kuecher, Wolfgang"]
[Result "0-1"]
[WhiteElo "2070"]
[BlackElo "2117"]
[PlyCount "107"]
[EventDate "2020.04.13"]
[EventRounds "9"]
[EventCountry "AUT"]

1. e4 g6 2. d4 Bg7 3. Nc3 d6 4. Bc4 a6 5. a4 Nc6 6. Nf3 e5 7. Be3 Nge7 8. O-O O-O
9. Bb3 h6 10. Qd2 Kh7 11. Rad1 Bg4 12. dxe5 Bxf3 13. gxf3 Nxe5 14. Qe2 f5 15. f4
Ng4 16. Kh1 Nxe3 17. fxe3 fxe4 18. Nxe4 Nf5 19. Ng3 Qh4 20. Nxf5 Rxf5 21. c3 Re8
22. Qf3 Rh5 23. Rd2 Qh3 24. Rg2 Rxe3 25. Qxh3 Rhxh3 26. Bf7 Ref3 27. Bxg6+ Kg8 28.
Rfg1 Kf8 29. Bf5 Bf6 30. Bxh3 Rxh3 31. Rg8+ Kf7 32. Rc8 Rf3 33. Rxc7+ Ke6 34. Re1+
Kf5 35. Rxb7 Rxf4 36. Rb6 Be5 37. Rxa6 Rf2 38. Rxe5+ dxe5 39. Rxh6 Rxb2 40. Rc6 e4
41. Kg1 e3 42. Kf1 Ke4 43. a5 Rxh2 44. a6 Ra2 45. Re6+ Kd3 46. c4 Ra1+ 47. Kg2 e2
48. Rd6+ Kxc4 49. a7 e1=Q 50. Rc6+ Kd5 51. Rh6 Qd2+ 52. Kf3 Qxh6 53. a8=Q+ Rxa8 54.
Kg4  0-1

[Event "1. OEsterreichische Internet Schach Meisterschaft - Vorrunde 2"]
[Site "Online - Playchess.com"]
[Date ""]
[Round "7"]
[Board "35"]
[White "Schloffer, Jasmin-Denise"]
[Black "Simon, Christopher"]
[Result "1-0"]
[WhiteElo "2110"]
[BlackElo "1824"]
[PlyCount "45"]
[EventDate "2020.04.13"]
[EventRounds "9"]
[EventCountry "AUT"]

1. d4 Nf6 2. c4 g6 3. Nc3 d5 4. Nf3 Bg7 5. Bg5 dxc4 6. e4 O-O 7. Bxc4 e6 8. O-O Nc6
9. d5 exd5 10. Nxd5 Qd6 11. Nxf6+ Bxf6 12. Qxd6 Bxg5 13. Qc5 Be7 14. Qe3 a6 15. h4
b5 16. Bb3 Bb7 17. h5 Rfe8 18. hxg6 hxg6 19. Qh6 Bf8 20. Qxg6+ Kh8 21. Qh5+ Kg8 22.
Bxf7+ Kg7 23. Qg6+  1-0

[Event "1. OEsterreichische Internet Schach Meisterschaft - Vorrunde 2"]
[Site "Online - Playchess.com"]
[Date ""]
[Round "7"]
[Board "36"]
[White "Maierhofer, Johann"]
[Black "Hessenberger, Andreas"]
[Result "1-0"]
[WhiteElo "2087"]
[BlackElo "2019"]
[PlyCount "173"]
[EventDate "2020.04.13"]
[EventRounds "9"]
[EventCountry "AUT"]

1. e4 c6 2. d4 d5 3. exd5 cxd5 4. Bd3 Nc6 5. c3 e6 6. Ne2 f5 7. Nd2 Nf6 8. Nf3 Bd6
9. O-O Ne4 10. Re1 O-O 11. Bf4 Bxf4 12. Nxf4 g5 13. Ne2 g4 14. Nd2 Qh4 15. Rf1 Rf6
16. f3 Nxd2 17. Qxd2 Rh6 18. Qf4 gxf3 19. Rxf3 Qxf4 20. Nxf4 Bd7 21. Re1 Kf7 22.
Bf1 Rg8 23. Nd3 Kf6 24. Rfe3 Rhg6 25. Nc5 f4 26. Rf3 Bc8 27. Rxf4+ Ke7 28. Rf2 b6
29. Nd3 Nd8 30. Ne5 Rg5 31. Nf3 R5g6 32. Bd3 R6g7 33. Ne5 Kd6 34. Ref1 h5 35. h3
h4 36. Kh2 Nc6 37. Nxc6 Kxc6 38. Re1 Kd6 39. Be2 Rg3 40. Bg4 Rd3 41. Ree2 Rg6 42.
Rf8 Bd7 43. Ref2 a5 44. Rh8 Rg7 45. Rxh4 Re7 46. Rh5 Be8 47. Re5 Bg6 48. Rfe2 Be4
49. Rf2 b5 50. Bf3 Bf5 51. Rfe2 Rf7 52. R5e3 Rd1 53. Re1 Rd2 54. R3e2 Rd3 55. Rf2
Rf6 56. Ree2 b4 57. Rd2 bxc3 58. Rxd3 cxb2 59. Rxb2 Bxd3 60. Rb6+ Kc7 61. Rb3 Bc4
62. Rb2 a4 63. Rc2 Kd6 64. h4 Rf4 65. h5 Rxd4 66. g4 Bd3 67. Rd2 e5 68. g5 Ke6 69.
Kg3 e4 70. Bg4+ Kf7 71. Be2 Rc4 72. Bxd3 exd3 73. Rxd3 d4 74. Kf4 Rc2 75. a3 Rc3
76. Ke4 Rc1 77. Kxd4 Rh1 78. Rf3+ Kg7 79. h6+ Kg8 80. Rg3 Rh4+ 81. Ke5 Rh5 82. Kf6
Rh1 83. Kg6 Rf1 84. Re3 Rf8 85. h7+ Kh8 86. Kh6 Rb8 87. g6  1-0

[Event "1. OEsterreichische Internet Schach Meisterschaft - Vorrunde 2"]
[Site "Online - Playchess.com"]
[Date ""]
[Round "7"]
[Board "37"]
[White "Milanollo, Mario"]
[Black "Hochwarter, Martin"]
[Result "0-1"]
[WhiteElo "2053"]
[BlackElo "1932"]
[PlyCount "66"]
[EventDate "2020.04.13"]
[EventRounds "9"]
[EventCountry "AUT"]

1. e4 c5 2. Nf3 Nc6 3. d4 cxd4 4. Nxd4 g6 5. c4 Bg7 6. Be3 Nh6 7. Be2 f5 8. exf5
Nxf5 9. Nxf5 Qa5+ 10. Nc3 Qxf5 11. O-O O-O 12. Rc1 d6 13. a3 Ne5 14. Nd5 Qf7 15.
Nc7 Be6 16. Nxa8 Rxa8 17. b3 b6 18. Bd4 Rf8 19. Bxe5 Bxe5 20. Qd3 Bb2 21. Rc2 Bxa3
22. Bf3 Bf5 23. Qe2 Bxc2 24. Bd5 Qxd5 25. cxd5 Bf5 26. Qxe7 Bc5 27. Qxa7 Bd3 28.
Qe7 Bxf1 29. Qe6+ Kg7 30. Kxf1 Rxf2+ 31. Ke1 Rf7 32. Qe4 Kf8 33. Qf4 Rxf4  0-1